000 00550 a2200181 4500
003 Nust
005 20221013190243.0
040 _cNust
082 _a604.2,GIB
100 _aE.H.H. Gibbins
_9100238
245 _aAn Introduction to Electrical Drawing
_bin tow Parts
_cE.H.H. Gibbins
250 _apart-II
260 _aLonodn
_bBlackie
_c1944
505 _aTransformers (Page-4), General Details (Page-12),D.C Machine (Page-20), A.C Machine(Page-46).
600 _aE.H.H.Gibbin
_9100239
650 _aElectrical Drawing
_9100240
942 _2ddc
_cBK
999 _c183100
_d183100